000 01015nam0a22002531 4500
001 rc\617644
005 20031121164013.3
035 _a(NLR Aleph) 005860759
090 _a5876119
_c5876119
100 _a20031121d1986 u |0rusy50 ca
101 0 _arus
102 _aRU
105 _ay |||||||||
200 1 _aВлияние внешнеэкономических связей на ускорение научно-технического прогресса
210 _aМ.
_cО-во "Знание" РСФСР
_d1986
215 _a39, [1] с.
_d20
225 1 _aВ помощь лектору
_fО-во "Знание" РСФСР, Секция пропаганды науч.-техн. прогресса и передового опыта в пром-сти
320 _aБиблиогр. в конце кн. (6 назв.)
700 1 _aБогданов
_bО. С.
_gОлег Семенович
801 0 _aRU
_bNLR
_gpsbo
801 1 _aRU
_bELAR
_2rusmarc
852 _aNLR
_j86-4/15856
942 _cBOOK
980 _aNB